Score 0/50 Timer 15:00
0 Plays Today
Tagline Movie % Correct
'In space, no one can hear you scream.'Alien
90.3%
'The night HE came home.'Halloween
89%
'They're here.'Poltergeist
82.7%
'Just when you thought it was safe to go back in the water.'Jaws 2
81%
'Who will survive and what will be left of them?'The Texas Chainsaw Massacre
80.6%
'If Nancy doesn't wake up screaming, she won't wake up at all...'A Nightmare on Elm Street
80.6%
'When there's no more room in Hell, the dead will walk the earth.'Dawn of the Dead
78.9%
'They won't stay dead.'Night of the Living Dead
76.4%
'Check in. Relax. Take a shower.'Psycho (1998)
75.9%
'Man is the warmest place to hide.'The Thing
74.3%
'He'll tear your soul apart.'Hellraiser
74.3%
'Can a full grown woman really love a midget?'Freaks
67.1%
'They're back.'Poltergeist 2
66.7%
'Herbert West has a very good head on his shoulders...and another one in a dish on his desk.'Re-Animator
63.7%
'Be afraid. Be very afraid.'The Fly
62%
'Sleep all day. Party all night. Never grow old. Never die. It's fun to be a vampire.'The Lost Boys
62%
'This woman has just cut, chopped, broken, and burned five men beyond recognition...but no jury in America would ever convict her!'I Spit on Your Grave
59.5%
'The last man on Earth is not alone'I Am Legend
59.1%
'Trapped in time. Surrounded by evil. Low on gas.'Army of Darkness
58.6%
'Sometimes dead is better.'Pet Sematary
57%
'To avoid fainting, keep repeating 'it's only a movie...it's only a movie' 'The Last House on the Left
51.9%
'Today the pond! Tomorrow the world!'Frogs
49.4%
'I warned you not to go out tonight.'Maniac
48.5%
'Ding dong. You're dead.'House
48.1%
'Oh yes, there will be blood.'Saw //
42.6%
Tagline Movie % Correct
'The good news is your dates are here. The bad news is...they're dead.'Night of the Creeps
39.2%
'You have the right to remain silent. Forever.'Maniac Cop
39.2%
'Angela is having a party. Jason and Freddy are too scared to come. But you'll have a hell of a time.'Night of the Demons
37.6%
'If this one doesn't scare you, you're already dead!'Phantasm
36.7%
'John will never eat shish kebab again.'Happy Birthday to Me
36.3%
'If this movie doesn't make your skin crawl...it's on too tight!'Black Christmas
32.1%
'This time...it's personal.'Jaws: The Revenge
29.1%
'It started in May in a small town. And every month after that whenever the moon was fully...it came back.'Silver Bullet
28.3%
'...and remember, the next scream you hear may be your own!'The Birds
27.8%
'They will make cemeteries their cathedrals and the cities will be your tombs.'Demons
25.7%
'Take the stairs. Take the stairs. For God's sake, take the stairs!!!'The Lift
22.8%
'Abby doesn't need a man anymore. The Devil is her lover now!'Abby
19.4%
'Something has found us.'Cloverfield
19%
'Its cheaper than a chainsaw!'The Nail Gun Massacre
18.6%
'He's in town with a few days to kill.'Predator 2
17.7%
'You are who you eat.'Ravenous
17.7%
'Humans are such easy prey.'From Beyond
16.9%
'Hell has no fury like a hippo with a machine gun.'Meet the Feebles
15.6%
'Please do not disturb Evelyn. She already is.'Mountaintop Motel Massacre
13.5%
'This summer, go to Hell.' The Devil's Rejects
11.8%
'Its not human, and it's got an axe!'The Prey
11.4%
'You must admit, you brought this on yourself.'Funny Games
11.4%
'Anything this hideous must be stopped from breeding.'Breeders
7.6%
'Forgive me father, for I am sin.'Little Witches
5.5%
'Violent death was the easy way out!'In the Shadow of Kilimanjaro
2.1%
Remove Ads.
Support Sporcle.
Get the best of Sporcle when you Go Orange. This ad-free experience offers more features, more stats, and more fun while also helping to support Sporcle. Thank you for becoming a member.

You're not logged in!

Compare scores with friends on all Sporcle quizzes.
OR
Log In

Show Comments

Extras

Top Quizzes Today


Score Distribution

Your Account Isn't Verified!

In order to create a playlist on Sporcle, you need to verify the email address you used during registration. Go to your Sporcle Settings to finish the process.

Report this User

Report this user for behavior that violates our Community Guidelines.

Details: